द 80/20 प्रिंसिपल 80/20 सिद्धांत / (Record no. 212985)
[ view plain ]
| 000 -LEADER | |
|---|---|
| fixed length control field | 00873nam a22001937a 4500 |
| 005 - DATE AND TIME OF LATEST TRANSACTION | |
| control field | 20250826165733.0 |
| 010 ## - LCCN (DPL NO) | |
| LC control number | HIN-130292 |
| 020 ## - INTERNATIONAL STANDARD BOOK NUMBER | |
| International Standard Book Number | 9789390607334 |
| Terms of availability | 395.00 |
| 035 ## - SYSTEM CONTROL NUMBER | |
| System control number | HN-102638 |
| 037 ## - SOURCE OF ACQUISITION | |
| Source of stock number/acquisition | DBAD |
| 082 ## - DEWEY DECIMAL CLASSIFICATION NUMBER | |
| Classification number | 158.4 |
| Edition number | प्रथम |
| 100 ## - MAIN ENTRY--PERSONAL NAME | |
| Personal name | कोच,रिचर्ड |
| 245 ## - TITLE STATEMENT | |
| Title | द 80/20 प्रिंसिपल 80/20 सिद्धांत / |
| Statement of responsibility, etc | रिचर्ड कोच |
| 260 ## - PUBLICATION, DISTRIBUTION, ETC. (IMPRINT) | |
| Place of publication, distribution, etc | पुणे |
| Name of publisher, distributor, etc | वॉव पब्लिशिंग्ज प्रा. लि. |
| Date of publication, distribution, etc | 2021 |
| 270 ## - ADDRESS | |
| Address | 4695, 21-ए, दरियागंज , |
| City | नई दिल्ली |
| Postal code | 110002 |
| 300 ## - PHYSICAL DESCRIPTION | |
| Extent | 358पृ. |
| Dimensions | 22 सेमी(अजिल्द) |
| 500 ## - GENERAL NOTE | |
| General note | बिजनेस की प्रसिद्ध पुस्तक का 20वा वर्षगाठ संस्करण |
| 942 ## - ADDED ENTRY ELEMENTS (KOHA) | |
| Source of classification or shelving scheme | Dewey Decimal Classification |
| Item type | Hindi Books |
| Classification part | 158.4 |
| Call number suffix | कोच |
| Withdrawn status | Lost status | Not for loan | Collection code | Home library | Current library | Date acquired | Source of acquisition | Cost, normal purchase price | Full call number | Barcode | Copy number | Cost, replacement price | Koha item type |
|---|---|---|---|---|---|---|---|---|---|---|---|---|---|
| Non-fiction | Sarojini Nagar | Sarojini Nagar | 26/08/2025 | DBAD | 395.00 | 158.4 कोच | HN-102638 | 1 | 395.00 | Hindi Books |
